| 000 | 00341nam a2200121Ia 4500 | ||
|---|---|---|---|
| 008 | 191201s1956 xx 000 0 und d | ||
| 100 | _aCARNEGIE,Dale | ||
| 245 | 0 | _aHow to develop Self confidence and Influence people by Public | |
| 260 |
_aNew yark _bPocket Bewks London, Newyok _c1956 |
||
| 300 | _a244 | ||
| 650 | _aBBA | ||
| 942 |
_2ddc _cBK _09 |
||
| 999 |
_c4466 _d4466 |
||